1407 1317 1588 1481 1155 1686 1782 1759 1931 1310 1159 1782 1154 1846 1642 1896 1301 1756 1389 1698 1060 1666 1301 1270 1355 1030 1186 1598 1811 1777 1996 1501 1886 1186 1494 1819 1268 1397 1910 1801 1247 1780 1644 1774 1821 1908 1222 1112 1666 1382 1183 1715 1686 1020 1779 1861 1653 1460 1018 1752 1784 1655 1067 1114 1066 1895 1698 1701 1722 1981 1543 1527 1482 1493 1220 1339 1905 1009 1763 1706 1621 1078 1210 1704 1500 1432 1525 1239 1946 1507 1978 1169 1841 1854 1303 1432 1160 1242 1288 BCNSPRNW ULIB Ver.6.0+V

เปลี่ยนเป็นภาษาไทย

Change to English
 แสดงรายละเอียดบรรณานุกรม
  กลับหน้าหลัก

Brief Record : Get Marc (ISO 2709) : E-mail record : QR code < ปิดหน้าต่าง
LEADER : 00000nam 2200000uu 4500
001    13399120715
003     ULIB
008    121005s2552||||th 000 0 tha d
020    ^a9786117005015
050  4 ^aBQ4570^bป619ช
100 0  ^aปิยโสภณ (พระศรีญาณโสภณ)
245 10 ^aชีวิตสดใสด้วยใจธรรมะ /^cปิยโสภณ (พระศรีญาณโสภณ)
260    ^aกรุงะเทพฯ :^bพิมพ์ดี,^c2552
300    ^a87 หน้า
650  4 ^aธรรมะกับชีวิตประจำวัน
650  4 ^aธรรมะ
945    ^p49^l0^i17800
995    ^aทศพร
999    ^aทศพร เกษรทอง
รายการนี้ยังไม่มีแท็ก
คุณยังไม่ได้ล็อกอิน คุณสามารถมีกิจกรรมร่วมกับเว็บไซต์ได้ แต่ต้องล็อกอินก่อน ::
  ล็อกอิน

รายการสื่อสารสนเทศ

ลำดับที่ ประเภท เลขเรียก/บาร์โค้ด สถานที่ สถานะ
1. วิทยาศาสตร์การแพทย์ และสุขภาพ
วิทยาศาสตร์การแพทย์ และสุขภาพ
BQ4570 ป619ช ฉ.1 
  Barcode: 17800
ห้องสมุดวิทยาเขตสวรรค์ประชารักษ์
►หนังสือทั่วไป
บนชั้น

รายการใกล้เคียง
    ผู้แต่ง [ปิยโสภณ (พระศรีญาณโสภณ)]

    หัวเรื่อง [ธรรมะกับชีวิตประจำวัน]
    หัวเรื่อง [ธรรมะ]

BibComment


ยังไม่เคยถูกคอมเมนท์

คอมเมนท์ทรัพยากรรายการนี้
  คอมเมนท์: ชีวิตสดใสด้วยใจธ..


 Copyright 2026. Bcnsprnw @Library